00839nam a2200241Ia 450000500170000000800410001702000150005802000180007304000560009104100080014706000110015510000330016624501210019926000390032030000180035965000390037765000350041665000430045165000270049465000300052165000170055170000290056820180118154057.0130821s2006 sp gr spa  a8481748684 a9788481748680 aCo-BoUCMbspacSandra Palacio (modificó)d[Nuevo]00aspa00aWY 1611 aChocarro González, Lourdes10aProcedimientos y cuidados en enfermería médico-quirúrgicacLourdes Chocarro González, CarmenVenturini Medina aMadrid (España)bElservierc2006 a412 páginas04aCirugía operatoriaxEnfermería04aCuidado terminalxEnfermería04aEnfermedades hepáticasxEnfermería04aEnfermería clínica04aEnfermería de urgencias04aEnfermería1 aVenturini Medina, Carmen